000 00480 a2200181 4500
003 OSt
005 20240208120433.0
008 240208b |||||||| |||| 00| 0 eng d
020 _a9780063215009
040 _coclc
082 _a155.24
_bRAW/H
100 _aRawat, Prem
_910426
245 _aHear yourself /
_c Prem Rawat
250 _a1st ed.
260 _aINDIA:
_bThomas press,
300 _a260P.
942 _2ddc
_cBK
_h155.24
_iRAW/H
_k155.24
_mRAW/H
999 _c44395
_d44395